[Event "FRA-chT2 West 0809"]
[Site "France"]
[Date "2009.04.05"]
[Round "11.1"]
[White "Lejarre, Ludovic"]
[Black "Bilquez, Romain"]
[Result "1-0"]
[WhiteElo "2385"]
[BlackElo "2106"]
[PlyCount "93"]
[EventDate "2008.10.19"]
[EventType "team-tourn"]
[EventRounds "11"]
[EventCountry "FRA"]
[SourceTitle "EXT 2010"]
[Source "ChessBase"]
[SourceDate "2010.11.25"]
[SourceVersion "1"]
[SourceVersionDate "2010.11.25"]
[SourceQuality "1"]
[WhiteTeam "Rennes Paul Bert"]
[BlackTeam "Saint Quentin"]
[WhiteTeamCountry "FRA"]
[BlackTeamCountry "FRA"]

1. e4 e6 2. d4 d5 3. Nc3 Nf6 4. e5 Nfd7 5. f4 c5 6. Nf3 Nc6 7. Be3 Qb6 8. Na4 Qa5+ 9. c3 c4 10. b4 Nxb4 11. cxb4 Bxb4+ 12. Kf2 b5 13. Nc5 Nxc5 14. dxc5 Qc7 15. Qd4 Ba3 16. Ne1 Bd7 17. Nc2 Qa5 18. Be2 Rc8 19. Nxa3 Qxa3 20. h4 0-0 21. Rh3 f6 22. Rg3 Kh8 23. h5 h6 24. exf6 Rxf6 25. Rf3 Rcf8 26. Bd2 Qa4 27. Qb2 R6f7 28. Kg1 Qa6 29. Bc3 Qc6 30. Rg3 Qxc5+ 31. Bd4 Qe7 32. a3 a5 33. Rb1 Rb8 34. Bc3 Qc5+ 35. Kh1 Qe7 36. Bxa5 Rxf4 37. Bb4 Qf6 38. Qxf6 Rxf6 39. Bc3 Rf7 40. Rf1 Rxf1+ 41. Bxf1 Rg8 42. Rg6 Kh7 43. Be2 Be8 44. Rxe6 Bf7 45. Rd6 Re8 46. Bf3 Kg8 47. Bxd5 1-0